| 000 | 01002cam a2200181ua 4500 | ||
|---|---|---|---|
| 020 | _c0.65 | ||
| 041 |
_aeng _h |
||
| 082 |
_a551.5513 _bMIN/CY |
||
| 110 | 1 |
_aMinistry of Transport and Communications . _b _c(Government of India ) |
|
| 245 |
_aCyclones: How to guard against them / _cMinistry of Transport and Communications, Govt. of India. _hTextual Documents |
||
| 250 |
_a1 / _b. |
||
| 260 |
_aIndia : _bMinistry of I&B, Govt. of India , _c1963. |
||
| 300 | _a34 ; . | ||
| 365 | _a0.65 | ||
| 504 | _a | ||
| 942 | _cBK | ||
| 999 |
_c8698 _d8698 |
||